[Event "It (open) \"]
[Site "masterchessopen.com - Copenhagen (Denmark)"]
[Round "6"]
[White "Byrn Carsten (DEN)"]
[Black "Hoi Carsten (DEN)"]
[Result "0-1"]
[WhiteElo "2114"]
[BlackElo "2410"]

1.d4 Nf6 2.c4 g6 3.Nc3 Bg7 4.e4 d6 5.Nf3 O-O 6.Be2 c5 7.d5 e6 8.O-O exd5
9.cxd5 a6 10.a4 Bg4 11.h3 Bxf3 12.Bxf3 Nbd7 13.Bf4 Qe7 14.Qc2 Rfe8 15.a5 Ne5
16.Be2 Nfd7 17.Rfe1 g5 18.Bd2 Ng6 19.Bf1 Be5 20.Nd1 Bd4 21.Bc3 Nf6 22.Ne3 Nxe4
23.Nf5 Qe5 24.Bxd4 cxd4 25.Nh6+ Kg7 26.f3 Kxh6 27.fxe4 Qg3 28.Qf2 Qxf2+
29.Kxf2 Rac8 30.g3 Rc2+ 31.Re2 Rxe2+ 32.Kxe2 Rxe4+ 33.Kd3 f5 34.b4 Ne5+ 35.Kd2
d3 36.b5 axb5 37.Rb1 b4 38.Rc1 Rc4 39.Rxc4 Nxc4+ 40.Kxd3 Nxa5 41.Ke3 Kg7
42.Bd3 Kf6 43.g4 f4+ 44.Kd4 h6 45.Be2 Nb3+ 46.Kc4 f3 {#R} 0-1

[Event "It (open)"]
[Site "masterchessopen.com - Dortmund (Germany)"]
[Round "1"]
[White "Pinter Jozsef (HUN)"]
[Black "Konietzka Lutz (GER)"]
[Result "1-0"]
[WhiteElo "2595"]
[BlackElo "2090"]

1.d4 Nf6 2.c4 c5 3.d5 d6 4.Nc3 g6 5.e4 Bg7 6.Be2 O-O 7.Nf3 e6 8.O-O exd5
9.cxd5 a6 10.a4 Bg4 11.Bg5 Nbd7 12.Nd2 Bxe2 13.Qxe2 Re8 14.Rae1 Qc7 15.f3 Rac8
16.Nc4 Nb6 17.Ne3 c4 18.Rc1 Nbd7 19.Kh1 Ne5 20.Rcd1 Qc5 21.f4 Nd3 22.Bxf6 Bxf6
23.e5 Bxe5 24.Ne4 Nxf4 25.Rxf4 Bxf4 26.Nxc5 Rxc5 27.Qf3 Bxe3 28.Qf6 b5 29.Qxd6
Rec8 30.Qe7 Bh6 31.d6 Bf8 32.Qf6 Rf5 33.d7 {#r} 1-0

[Event "Olympiad"]
[Site "masterchessopen.com - Elista (Russia)"]
[Round "8"]
[White "Beliavsky Alexander G (SLO)"]
[Black "Hernandez Gilberto (MEX)"]
[Result "1-0"]
[WhiteElo "2645"]
[BlackElo "2520"]

1.d4 Nf6 2.c4 c5 3.d5 g6 4.Nc3 Bg7 5.e4 d6 6.Nf3 O-O 7.Be2 e6 8.O-O exd5
9.cxd5 a6 10.a4 Bg4 11.Nd2 Bxe2 12.Qxe2 Nbd7 13.Nc4 Nb6 14.Ne3 Re8 15.a5 Nbd7
16.Nc4 b5 17.Nxd6 Re7 18.Bf4 Nh5 19.Be3 Bxc3 20.bxc3 Qb8 21.Nf5 Rxe4 22.Nh6+
Kg7 23.d6 Nhf6 24.Qd2 Qe8 25.Rae1 Qe5 26.f3 Rc4 27.Bg5 Qxc3 28.Re7 Rf8 29.Qxc3
Rxc3 30.Ng4 Rd3 31.Bh6+ Kg8 32.Bxf8 Kxf8 33.Nh6 Rxd6 34.Rfe1 Kg7 35.Nxf7 Rd2
36.Ng5+ Kg8 37.R1e6 h6 38.Nf7 c4 39.Nxh6+ Kh8 40.Rxa6 {#r} 1-0

[Event "Olympiad"]
[Site "masterchessopen.com - Elista (Russia)"]
[Round "3"]
[White "Karkanaqe Ilir (ALB)"]
[Black "Kozak Alexander (RUS)"]
[Result "1/2-1/2"]
[WhiteElo "2395"]
[BlackElo "2335"]

1.d4 g6 2.c4 Bg7 3.e4 c5 4.d5 d6 5.Nf3 Nf6 6.Nc3 O-O 7.Be2 e6 8.O-O exd5
9.cxd5 a6 10.a4 Bg4 11.Bf4 Re8 12.Nd2 Bxe2 13.Qxe2 Nh5 14.Be3 Nd7 15.a5 Qc7
16.g4 Nhf6 17.Bf4 Ne5 18.h3 Nfd7 19.Be3 f5 20.f4 Nf7 21.Kh1 Nf6 22.exf5 gxf5
23.g5 Nh5 24.Qf3 Nh8 25.Bg1 Qf7 26.Rae1 Rxe1 27.Rxe1 Re8 28.Re6 Rxe6 29.dxe6
Qxe6 30.Nf1 Qf7 31.Ne3 Bxc3 32.bxc3 Ng7 33.Nd5 Ng6 34.Nf6+ Kh8 35.Bf2 Qc4
36.Qxb7 Qf1+ 37.Bg1 Qxh3+ 38.Bh2 Qf1+ 39.Bg1 Qh3+ 40.Bh2 {#d} 1/2-1/2

[Event "Ch Finland"]
[Site "masterchessopen.com - Finland"]
[Round "10"]
[White "Tuominen Risto (FIN)"]
[Black "Kanko Ilkka (FIN)"]
[Result "0-1"]
[WhiteElo "2283"]
[BlackElo "2270"]

1.d4 Nf6 2.c4 e6 3.Nf3 c5 4.d5 exd5 5.cxd5 d6 6.Nc3 g6 7.e4 Bg7 8.Be2 O-O
9.O-O a6 10.a4 Bg4 11.h3 Bxf3 12.Bxf3 Nbd7 13.Bf4 Qc7 14.Rc1 Rfe8 15.g4 Ne5
16.Be2 Qa5 17.Bd2 c4 18.g5 Nfd7 19.b4 Qd8 20.Be3 Rc8 21.f4 Nd3 22.Bxd3 cxd3
23.Qxd3 Rxc3 24.Rxc3 Bxc3 25.Qxc3 Rxe4 26.Bd4 h6 27.h4 hxg5 28.hxg5 Rxf4
29.Bf6 Qb6+ 30.Kg2 Rg4+ 31.Kh3 Rxb4 32.Rf3 Re4 33.Bh8 f6 34.Bxf6 Re8 35.Qd3
Nf8 36.Bd4 Qc7 37.Kg2 Qd7 38.Kg3 Qh7 39.Bc3 Qh5 40.Qd4 Qxg5+ 41.Kf2 Re5 42.Qc4
Rf5 43.Rxf5 Qxf5+ 44.Kg1 Kf7 45.Qc7+ Qd7 46.Qc4 Qe7 47.Qf4+ Ke8 48.Bf6 Qe1+
49.Kg2 Qe2+ 50.Kg1 Qd1+ 51.Kh2 Qxd5 52.Qc1 Kd7 53.Bh4 Qa2+ 54.Kh3 Qxa4 55.Qg5
Qb3+ 56.Kh2 Ne6 57.Qe7+ Kc6 58.Qe8+ Kd5 59.Bf2 Qc2 60.Qf7 Qb3 61.Qxg6 Qf3
62.Kg1 Qd1+ 63.Kh2 Qe2 64.Kg1 Nc5 65.Qg8+ Qe6 66.Qg2+ Ne4 67.Ba7 Kc6 68.Qc2+
Nc5 69.Qg2+ Qe4 70.Qg8 a5 71.Qc8+ Kb5 72.Qd8 Qd4+ 73.Kf1 a4 74.Qb6+ Kc4 75.Bb8
a3 76.Qa5 Qa1+ 77.Ke2 Qb2+ 78.Ke1 a2 {#R} 0-1

[Event "Ch Russia (juniors) (under 18)"]
[Site "masterchessopen.com - Kolontaevo (Russia)"]
[Round "6"]
[White "Eliseev Alexei (RUS)"]
[Black "Riazantsev Alexander (RUS)"]
[Result "1-0"]
[WhiteElo "2345"]
[BlackElo "2335"]

1.d4 c5 2.d5 Nf6 3.c4 e6 4.Nc3 exd5 5.cxd5 d6 6.e4 g6 7.Nf3 Bg7 8.Be2 O-O
9.O-O a6 10.a4 Bg4 11.Be3 Bxf3 12.Bxf3 Re8 13.Qd2 Nbd7 14.h3 Qc7 15.Rfc1 Rac8
16.Qc2 Qd8 17.Rab1 Qe7 18.b3 h6 19.Qd2 g5 20.g3 Ne5 21.Bg2 c4 22.Qe2 Nd3
23.Rd1 Nc5 24.bxc4 Nfxe4 25.Nxe4 Nxe4 26.Bxe4 Qxe4 27.Rxb7 Rxc4 28.a5 Rc2
29.Qxa6 Qf3 30.Qd3 Re2 {#r} 1-0

[Event "It (open)"]
[Site "masterchessopen.com - La Coruna (Spain)"]
[Round "0"]
[White "Garcia Carbo Marcial (ESP)"]
[Black "Vazquez Rodrigo (CHI)"]
[Result "1/2-1/2"]
[WhiteElo "2350"]
[BlackElo "2485"]

1.d4 Nf6 2.Nf3 g6 3.c4 Bg7 4.Nc3 O-O 5.e4 d6 6.Be2 c5 7.d5 e6 8.O-O exd5
9.cxd5 a6 10.a4 Bg4 {#d} 1/2-1/2

[Event "It (open)"]
[Site "masterchessopen.com - Mondariz (Spain)"]
[Round "0"]
[White "Rodriguez Lopez Rafael (ESP)"]
[Black "Reinaldo Castineira Roi (ESP)"]
[Result "0-1"]
[WhiteElo "2345"]
[BlackElo "2325"]

1.d4 Nf6 2.c4 e6 3.Nc3 c5 4.d5 exd5 5.cxd5 d6 6.e4 g6 7.Be2 Bg7 8.Nf3 O-O
9.O-O a6 10.a4 Bg4 11.Nd2 Bxe2 12.Qxe2 Nbd7 13.Nc4 Nb6 14.Bf4 Nxc4 15.Qxc4 Ng4
16.Qe2 Ne5 17.Be3 c4 18.a5 Nd3 19.Qd2 Re8 20.f3 f5 21.exf5 gxf5 22.Bg5 Qc7
23.Kh1 Qf7 24.Na4 Nxb2 25.Nb6 Rad8 26.Bh6 c3 27.Qg5 Qg6 28.Qxg6 hxg6 29.Bxg7
Kxg7 30.Rfc1 Re3 31.h3 Nd3 32.Rc2 Nb4 33.Rcc1 c2 34.Kh2 Re2 35.Ra3 Rde8 36.Rc3
Re1 37.R1xc2 Nxc2 38.Rxc2 R1e2 39.Rc6 {#R} 0-1

[Event "Cup Russia (open)"]
[Site "masterchessopen.com - Moscow (Russia)"]
[Round "4"]
[White "Krasilnikov Viatcheslav (RUS)"]
[Black "Kotsur Pavel (KAZ)"]
[Result "0-1"]
[WhiteElo "2350"]
[BlackElo "2515"]

1.d4 Nf6 2.c4 c5 3.d5 e6 4.Nc3 exd5 5.cxd5 d6 6.e4 g6 7.Be2 Bg7 8.Nf3 O-O
9.O-O a6 10.a4 Bg4 11.Bf4 Bxf3 12.Bxf3 Qe7 13.Re1 Nbd7 14.Qd2 Rfe8 15.Bg5 Rac8
16.Bg4 Rb8 17.f4 Qd8 18.Bh3 Qc7 19.Rad1 c4 20.e5 dxe5 21.fxe5 Rxe5 22.Rxe5
Nxe5 23.d6 Qc5+ 24.Be3 Qc6 25.Bg5 Nd3 26.b3 b5 27.axb5 axb5 28.bxc4 bxc4
29.Qe3 Qxd6 30.Bf4 Qxf4 31.Rxd3 Nd5 32.Qxf4 Nxf4 33.Rf3 Nd3 34.Ne2 Re8 35.Kf1
Rb8 36.Kg1 Rb1+ 37.Rf1 Rxf1+ 38.Kxf1 c3 {#R} 0-1

[Event "Ch Europe (juniors) (under 16)"]
[Site "masterchessopen.com - Mureck (Austria)"]
[Round "9"]
[White "Korobov Anton (UKR)"]
[Black "Bar Roman (ISR)"]
[Result "0-1"]
[WhiteElo "2350"]
[BlackElo "2255"]

1.d4 Nf6 2.Nf3 e6 3.c4 c5 4.d5 exd5 5.cxd5 d6 6.Nc3 g6 7.e4 Bg7 8.Be2 O-O
9.O-O a6 10.a4 Bg4 11.Nd2 Bxe2 12.Qxe2 Nbd7 13.Nc4 Nb6 14.Na3 Re8 15.Qc2 Qe7
16.f3 Rac8 17.Qb3 Qc7 18.Be3 Nbd7 19.Nc4 Ne5 20.Nxe5 Rxe5 21.Rad1 Ree8 22.Qc4
Qd8 23.Rfe1 Nd7 24.f4 Rb8 25.e5 dxe5 26.f5 gxf5 27.d6 Qf6 28.Nd5 Qxd6 29.Rf1
Qg6 30.Nc7 Red8 31.Nd5 Kh8 32.Bxc5 Nxc5 33.Qxc5 f4 34.Ne7 Qe6 35.Qc7 Re8
36.Nd5 Rec8 37.Qa5 b5 38.Nc7 Qb6+ 39.Qxb6 Rxb6 40.a5 Rc6 41.Nd5 Bf8 42.Rfe1 f6
43.Kf2 Bd6 44.g4 fxg3+ 45.hxg3 f5 46.Kg2 Kg7 47.Kh3 Kf7 48.Kh4 Kg6 49.g4 fxg4
50.Kxg4 Rf8 51.Rc1 Rc4+ 52.Rxc4 bxc4 53.Rc1 Rc8 54.Nb6 Rc5 55.Nxc4 Be7 56.Kf3
Kf5 57.Ne3+ Ke6 58.Rh1 h5 59.Ke4 h4 60.Rg1 Rxa5 61.Rg6+ Bf6 62.Rh6 Ra4+ 63.Kf3
Rf4+ 64.Ke2 a5 65.Rh7 Rb4 66.Ra7 h3 67.Ra6+ Kf7 68.Rxa5 h2 69.Ra1 Rxb2+ 70.Kf3
e4+ 71.Kg3 Re2 72.Rh1 Be5+ 73.Kg4 Rxe3 74.Kf5 Bg3 75.Kg4 Re1 {#R} 0-1

[Event "It (open)"]
[Site "masterchessopen.com - Nachod (Czech Republic)"]
[Round "6"]
[White "Juptner Jan (CZE)"]
[Black "Kastner Oldrich (CZE)"]
[Result "1-0"]
[WhiteElo "2318"]
[BlackElo "2137"]

1.d4 Nf6 2.c4 c5 3.d5 e6 4.Nc3 exd5 5.cxd5 d6 6.e4 g6 7.Nf3 Bg7 8.Be2 O-O
9.O-O a6 10.a4 Bg4 11.Nd2 Bxe2 12.Qxe2 Nbd7 13.f4 Re8 14.Qf3 b6 15.Nc4 Qe7
16.Re1 Rab8 17.Bd2 Nh5 18.e5 dxe5 19.g4 Nxf4 20.Ne4 Nxd5 21.Ned6 Qe6 22.Nxe8
Rxe8 23.Rad1 e4 24.Qg2 b5 25.axb5 axb5 26.Na3 Bd4+ 27.Kh1 b4 28.Nc4 e3 29.Bc1
Nf4 30.Qf3 Qxc4 31.Bxe3 Ne5 32.Bxd4 cxd4 33.Qxf4 Qd5+ 34.Qe4 Qxe4+ 35.Rxe4 d3
36.Rxb4 Rc8 37.Rd2 Rc1+ 38.Kg2 Rc2 39.Rf2 d2 40.Rd4 Rxb2 41.Rfxd2 Rxd2+
42.Rxd2 Nxg4 43.h3 Nf6 44.Kf3 Kg7 45.Rd8 g5 46.Ra8 Kg6 47.Ra5 h6 48.Ra6 h5
49.Rb6 Kg7 50.Rb5 Nh7 51.Rb7 Kg6 52.Rb6+ f6 53.Ra6 Nf8 54.Rd6 Kf5 55.Rd5+ Ke6
56.Ra5 Nd7 57.Ra8 Kf5 58.Ra5+ Ne5+ 59.Kg3 h4+ 60.Kg2 Kg6 61.Rd5 Kh5 62.Kh2 Nf7
63.Ra5 Nh6 64.Kg2 Nf5 65.Rxf5 Kg6 66.Ra5 f5 67.Kf3 Kf6 68.Ra6+ Kf7 69.Ke3 Kg7
70.Kd4 {#r} 1-0

[Event "Ch USA (juniors) (play-off)"]
[Site "masterchessopen.com - New York (USA)"]
[Round "1"]
[White "Mulyar Michael A (USA)"]
[Black "Shliperman Igor (USA)"]
[Result "0-1"]
[WhiteElo "2400"]
[BlackElo "2450"]

1.d4 Nf6 2.Nf3 e6 3.c4 c5 4.d5 exd5 5.cxd5 d6 6.Nc3 g6 7.e4 Bg7 8.Be2 O-O
9.O-O a6 10.a4 Bg4 11.Bf4 Bxf3 12.Bxf3 Qe7 13.Qd2 Nbd7 14.Bg5 Rab8 15.Rfe1
Rfe8 16.Bd1 b5 17.axb5 axb5 18.Bc2 c4 19.Ra7 Qf8 20.f3 h6 21.Be3 Rec8 22.Ne2
b4 23.Nd4 c3 24.bxc3 bxc3 25.Qe2 Ne5 26.Nb5 Nc4 27.Nxc3 Nxe3 28.Qxe3 Ng4
29.fxg4 Rxc3 30.Bd3 Rb4 31.e5 Bxe5 32.Qd2 Bd4+ 33.Kh1 Rxd3 34.Qxb4 Bxa7 35.Qa4
Re3 36.Rf1 Bc5 37.Qc6 Qe7 38.Qc8+ Qe8 39.Qc7 Re1 {#R} 0-1

[Event "Cup Russia"]
[Site "masterchessopen.com - Perm (Russia)"]
[Round "1"]
[White "Bykov Andrei (RUS)"]
[Black "Ikonnikov Dmitrij (RUS)"]
[Result "1/2-1/2"]
[WhiteElo "2247"]
[BlackElo "2430"]

1.d4 Nf6 2.c4 e6 3.Nf3 c5 4.d5 exd5 5.cxd5 g6 6.Nc3 Bg7 7.e4 d6 8.Be2 O-O
9.O-O a6 10.a4 Bg4 11.Nd2 Bxe2 12.Qxe2 Nbd7 13.a5 Qe7 14.Nc4 Ne5 15.Ne3 Rae8
16.Ra4 Qc7 17.Rd1 h5 18.h3 Nh7 19.Kh1 Bh6 20.Qc2 Qd8 21.Ne2 Bg7 22.Ng1 Re7
23.f4 Nd7 24.Nc4 Qb8 25.Nf3 Rfe8 26.e5 dxe5 27.d6 Re6 28.fxe5 Bxe5 29.Nfxe5
Nxe5 30.Nxe5 Rxe5 31.Bf4 Re1+ 32.Kh2 Rxd1 33.d7 Qxf4+ 34.Rxf4 Rxd7 35.Qxc5 Nf8
36.Qc3 Re2 37.Rd4 Rxd4 38.Qxd4 Ne6 39.Qb4 Re5 40.Qxb7 Rxa5 41.Qc8+ Kh7 42.Qb7
Kg8 {#d} 1/2-1/2

[Event "It \"]
[Site "masterchessopen.com - Philadelphia (USA)"]
[Round "5"]
[White "Chow Albert (USA)"]
[Black "Friedman Josef (USA)"]
[Result "1-0"]
[WhiteElo "2330"]
[BlackElo "2195"]

1.d4 Nf6 2.c4 e6 3.Nf3 c5 4.d5 exd5 5.cxd5 d6 6.Nc3 g6 7.e4 Bg7 8.Be2 a6 9.a4
Bg4 10.O-O O-O 11.Bf4 Qe7 12.Nd2 Bxe2 13.Qxe2 Nbd7 14.Nc4 Ne8 15.Rfe1 Ne5
16.a5 h5 17.h3 Rb8 18.Na4 Nc7 19.Nxe5 Bxe5 20.Bxe5 Qxe5 21.Nb6 Rbd8 22.b4 cxb4
23.Qc4 Nb5 24.Qxb4 h4 25.Rac1 Qg5 26.Rc2 Rfe8 27.Rce2 Re7 28.Qb2 Rde8 29.Nc4
Rc8 30.Nd2 Rc3 31.Re3 Rec7 32.Nf3 Qf6 33.Rxc3 Nxc3 34.Qb6 Qd8 35.Nxh4 Qe7
36.Nf3 Nxe4 37.Nd2 f5 38.Nxe4 fxe4 39.Qd4 Rc5 40.Rxe4 Qg7 41.Re8+ {#r} 1-0

[Event "Ch Yugoslavia (team) (1 liga)"]
[Site "masterchessopen.com - Vrnjacka Banja (Serbia)"]
[Round "2"]
[White "Maksimovic Miroslav (SRB)"]
[Black "Kovacevic Aleksandar (SRB)"]
[Result "0-1"]
[WhiteElo "2246"]
[BlackElo "2495"]

1.d4 Nf6 2.c4 c5 3.d5 e6 4.Nc3 exd5 5.cxd5 d6 6.e4 g6 7.Nf3 a6 8.a4 Bg4 9.Be2
Bg7 10.O-O O-O 11.Nd2 Bxe2 12.Qxe2 Nbd7 13.Nc4 Nb6 14.a5 Nxc4 15.Qxc4 Ng4
16.Bf4 Re8 17.h3 Ne5 18.Qe2 Rc8 19.Nd1 c4 20.Bd2 Nd3 21.Bc3 Qh4 22.Bxg7 Kxg7
23.Nc3 f5 24.f3 Qg5 25.Kh1 fxe4 26.fxe4 Rf8 27.Na4 Qg3 28.Kg1 Nf4 29.Qg4 Qxg4
30.hxg4 Ne2+ 31.Kh2 Rxf1 32.Rxf1 Re8 33.Nc3 Nxc3 34.bxc3 Rxe4 35.Rb1 Kf6
36.Rxb7 Ke5 37.Ra7 Kxd5 38.Rxa6 Re3 39.Ra8 Rxc3 40.a6 Ra3 41.a7 Kd4 42.Rd8
Rxa7 43.Rxd6+ Kc5 44.Rd1 c3 45.Kg3 Kc4 46.Kf4 c2 47.Rc1 Kc3 48.Kg5 Kd2 49.Rf1
c1=Q 50.Rxc1 Kxc1 51.Kh6 Kd2 52.g5 Ke3 53.g4 Ra6 {#R} 0-1

[Event "It (open) \"]
[Site "masterchessopen.com - Aggtelek (Hungary)"]
[Round "7"]
[White "Blasko Istvan (HUN)"]
[Black "Suto Gabor (HUN)"]
[Result "1/2-1/2"]
[WhiteElo "2221"]
[BlackElo "2232"]

1.d4 Nf6 2.c4 c5 3.d5 g6 4.Nc3 Bg7 5.e4 d6 6.Nf3 O-O 7.Be2 a6 8.a4 e6 9.O-O
exd5 10.cxd5 Bg4 11.Bf4 Nh5 12.Bg5 Qb6 13.Qc2 h6 14.a5 Qc7 {#d} 1/2-1/2

[Event "Ch Azerbaijan"]
[Site "masterchessopen.com - Baku (Azerbaijan)"]
[Round "6"]
[White "Mamedyarov Shakhriyar (AZE)"]
[Black "Badalov Samir (AZE)"]
[Result "1-0"]
[WhiteElo "2201"]
[BlackElo "2322"]

1.d4 Nf6 2.c4 c5 3.d5 e6 4.Nc3 exd5 5.cxd5 g6 6.e4 d6 7.Nf3 Bg7 8.Be2 O-O
9.O-O a6 10.a4 Bg4 11.Bf4 Bxf3 12.Bxf3 Qe7 13.Re1 Nbd7 14.h3 Rfe8 15.Bh2 Rac8
16.Qb3 Ne5 17.Be2 c4 18.Qd1 Nfd7 19.f4 Nd3 20.Bxd3 cxd3 21.Qxd3 Nc5 22.Qf3
Bd4+ 23.Kh1 Bxc3 24.bxc3 Nxe4 25.f5 Qh4 26.Re3 Nd2 27.Qf4 Qxf4 28.Rxe8+ Rxe8
29.Bxf4 Nc4 30.f6 b6 31.Rb1 h5 32.h4 a5 33.Kg1 Re4 34.g3 Re2 35.Rd1 Re4 36.Kf2
Nb2 37.Rd4 Rxd4 38.cxd4 Nxa4 39.Bxd6 Nc3 40.Be7 Nxd5 41.Kf3 a4 42.Ke4 a3
43.Bxa3 Nxf6+ 44.Ke5 Ng4+ 45.Kd6 Ne3 46.d5 Kg7 47.Kc6 f6 48.d6 Nc4 49.Bb2 Nxd6
50.Kxd6 Kf7 {#r} 1-0

[Event "It (open)"]
[Site "masterchessopen.com - Barbera (Spain)"]
[Round "6"]
[White "Blank Goncalves Eduardo (BRA)"]
[Black "Ayas Fernandez Antonio (ESP)"]
[Result "1-0"]
[WhiteElo "2049"]
[BlackElo "2354"]

1.d4 Nf6 2.c4 e6 3.Nf3 c5 4.d5 d6 5.Nc3 exd5 6.cxd5 g6 7.e4 Bg7 8.Be2 O-O
9.O-O a6 10.a4 Bg4 11.Qc2 Nbd7 12.Bf4 Qc7 13.h3 Bxf3 14.Bxf3 Rfe8 15.Kh1 Re7
16.Rae1 Rae8 17.Bh2 c4 18.g4 Nc5 19.Bg2 Nd3 20.Re2 g5 21.Qd2 h6 22.b3 Nd7
23.Nd1 N3c5 24.bxc4 Nxe4 25.Rxe4 Rxe4 26.Bxe4 Rxe4 27.Ne3 Be5 28.Qc2 Rd4
29.Rc1 Bxh2 30.Kxh2 Ne5 31.Qf5 Rf4 32.Qc2 Qc5 33.Kg2 Ng6 34.Nf5 Kh7 35.Kg3 Ne5
36.Nxd6+ Kg8 37.Ne4 Qa3+ 38.Kh2 Qf3 39.Re1 Nxg4+ 40.hxg4 Rxg4 41.Ng3 {#r} 1-0

[Event "It (cat.2)"]
[Site "masterchessopen.com - Budapest (Hungary)"]
[Round "8"]
[White "Eperjesi Laszlo Dr (HUN)"]
[Black "Yu Mingyuan (CHN)"]
[Result "0-1"]
[WhiteElo "2381"]
[BlackElo "2319"]

1.d4 Nf6 2.c4 c5 3.d5 e6 4.Nc3 exd5 5.cxd5 d6 6.Nf3 g6 7.e4 Bg7 8.Be2 O-O
9.O-O a6 10.a4 Bg4 11.Bf4 Qe7 12.Qc2 Nbd7 13.Rfe1 Rfe8 14.Nd2 Bxe2 15.Rxe2 Nh5
16.Be3 Bd4 17.a5 Ne5 18.Na4 Qh4 19.Nf1 Nf4 20.Bxf4 Qxf4 21.Nb6 Rad8 22.Ra3 Re7
23.g3 Qf6 24.Kg2 g5 25.f3 Rde8 26.Nd2 Qh6 27.h3 Qf6 28.Re1 h5 29.Rf1 Ng6
30.Nbc4 h4 31.e5 Bxe5 32.Ne4 Qg7 33.gxh4 Nxh4+ 34.Kh1 Qg6 35.Rg1 f6 36.Qd3 Qf5
37.Rg4 Bf4 38.Ra1 Nxf3 39.Nxf6+ Qxf6 40.Qxf3 Re1+ 41.Rg1 Rxa1 42.Rxa1 Qd4 {#R}
0-1

[Event "It (cat.3)"]
[Site "masterchessopen.com - Budapest (Hungary)"]
[Round "7"]
[White "Bu Xiangzhi (CHN)"]
[Black "Pham Minh Hoang (VIE)"]
[Result "1/2-1/2"]
[WhiteElo "2465"]
[BlackElo "2357"]

1.d4 Nf6 2.c4 c5 3.d5 e6 4.Nc3 exd5 5.cxd5 d6 6.e4 g6 7.Nf3 Bg7 8.Be2 O-O
9.O-O a6 10.a4 Bg4 11.h3 Bxf3 12.Bxf3 Nbd7 13.Bf4 Qe7 14.Re1 Rab8 15.Be2 Rfe8
16.Rb1 h6 17.Bg3 g5 18.Qd2 Qf8 19.Bg4 Nxg4 20.hxg4 b5 21.axb5 axb5 22.b3 Bd4
23.Qd3 b4 {#d} 1/2-1/2

[Event "It (cat.4)"]
[Site "masterchessopen.com - Budapest (Hungary)"]
[Round "10"]
[White "Keatinge-Clay Adrian (USA)"]
[Black "Yu Mingyuan (CHN)"]
[Result "1/2-1/2"]
[WhiteElo "2278"]
[BlackElo "2319"]

1.d4 Nf6 2.c4 c5 3.d5 e6 4.Nc3 exd5 5.cxd5 d6 6.e4 g6 7.Nf3 Bg7 8.Be2 O-O
9.O-O a6 10.a4 Bg4 11.Bf4 Qe7 12.Nd2 Bxe2 13.Qxe2 Nh5 14.Be3 Nd7 15.g4 Nhf6
16.f3 h6 17.g5 hxg5 18.Bxg5 Rfe8 19.a5 Qf8 20.Kh1 Nh7 21.Be3 Qe7 22.f4 Rab8
{#d} 1/2-1/2

[Event "It (cat.7)"]
[Site "masterchessopen.com - Budapest (Hungary)"]
[Round "8"]
[White "Vovsha Eli (ISR)"]
[Black "Vaulin Alexander (RUS)"]
[Result "1/2-1/2"]
[WhiteElo "2289"]
[BlackElo "2492"]

1.d4 Nf6 2.c4 c5 3.d5 g6 4.Nc3 Bg7 5.e4 d6 6.Nf3 O-O 7.Be2 e6 8.O-O exd5
9.cxd5 a6 10.a4 Bg4 11.Bg5 Bxf3 12.Bxf3 Nbd7 13.Be2 Re8 14.Qc2 Qe7 15.Rae1 Qe5
16.Bh4 Qd4 17.Rd1 Qb4 18.f3 Rac8 19.Be1 Qb6 20.f4 c4+ 21.Bf2 Nc5 22.Bf3 Qb4
23.e5 dxe5 24.fxe5 Rxe5 25.Bd4 Ree8 26.d6 Ncd7 27.Bxf6 Bxf6 28.Bg4 Bxc3
29.Bxd7 Qxb2 30.Rf2 Qb4 31.Bxc8 Rxc8 32.d7 Rd8 33.Qe4 b5 34.axb5 axb5 35.Qd5
Qe7 36.Kh1 Qe6 37.Qxb5 Be5 38.Re2 f6 39.Qa4 Qg4 40.Red2 Qf4 41.g3 Qf3+ 42.Kg1
{#d} 1/2-1/2

[Event "Memorial M.Najdorf (open)"]
[Site "masterchessopen.com - Buenos Aires (Argentina)"]
[Round "3"]
[White "Quiroga Facundo (ARG)"]
[Black "Villanueva Matias (ARG)"]
[Result "1-0"]
[WhiteElo "2360"]
[BlackElo "2035"]

1.d4 Nf6 2.c4 c5 3.d5 e6 4.Nc3 exd5 5.cxd5 d6 6.e4 g6 7.Nf3 Bg7 8.Be2 O-O
9.O-O a6 10.a4 Bg4 11.Be3 Nbd7 12.h3 Bxf3 13.Bxf3 Re8 14.a5 Ne5 15.Be2 Qe7
16.Qd2 b5 17.axb6 Reb8 18.f4 Ned7 19.e5 dxe5 20.fxe5 Nxe5 21.d6 Qd8 22.Bxc5
Nfd7 23.b4 Nxb6 24.Rxa6 Nbc4 25.Bxc4 Nxc4 26.Qa2 Rxa6 27.Qxa6 Nd2 28.Rxf7 Ra8
29.Rxg7+ Kxg7 30.Qb7+ Kg8 31.Qd5+ Kg7 32.Qxd2 Ra1+ 33.Kh2 Qe8 34.Qd4+ Kg8
35.Ne4 {#r} 1-0

[Event "It (open)"]
[Site "masterchessopen.com - Chania (Greece)"]
[Round "2"]
[White "Tzardis Stylianos (GRE)"]
[Black "Velickovic Sasa (SRB)"]
[Result "0-1"]
[WhiteElo "2112"]
[BlackElo "2423"]

1.d4 c5 2.d5 Nf6 3.c4 g6 4.Nc3 d6 5.e4 Bg7 6.Nf3 O-O 7.Be2 e6 8.O-O exd5
9.cxd5 a6 10.a4 Bg4 11.Nd2 Bxe2 12.Qxe2 Nbd7 13.Nc4 Nb6 14.Bf4 Nxc4 15.Qxc4
Nh5 16.Bd2 Re8 17.Rae1 Rb8 18.f4 b5 19.axb5 axb5 20.Nxb5 Qb6 21.Nc3 Qxb2
22.Qd3 Rb4 23.Ne2 Rbxe4 24.Rb1 Qf6 25.Ng3 Nxg3 26.hxg3 Qd4+ {#R} 0-1

[Event "It (open)"]
[Site "masterchessopen.com - Fuerth (Germany)"]
[Round "2"]
[White "Hirn Oskar (GER)"]
[Black "David Alberto (LUX)"]
[Result "0-1"]
[WhiteElo "2276"]
[BlackElo "2544"]

1.d4 e6 2.c4 Nf6 3.Nf3 c5 4.d5 exd5 5.cxd5 d6 6.Nc3 g6 7.e4 Bg7 8.Be2 O-O
9.O-O a6 10.a4 Bg4 11.Nd2 Bxe2 12.Qxe2 Nbd7 13.Nc4 Nb6 14.Nxb6 Qxb6 15.a5 Qc7
16.f4 Rae8 17.Ra4 Qd7 18.Qc2 Ng4 19.h3 Bd4+ 20.Kh1 Nf6 21.Rf3 Nxe4 22.Rxd4
cxd4 23.Nxe4 Qf5 {#R} 0-1

[Event "Oberliga East B 1999/00"]
[Site "masterchessopen.com - Germany"]
[Round "3"]
[White "Alber Horst (GER)"]
[Black "Vettel Matthias (GER)"]
[Result "0-1"]
[WhiteElo "2329"]
[BlackElo "2206"]

1.d4 Nf6 2.c4 e6 3.Nf3 c5 4.d5 exd5 5.cxd5 g6 6.Nc3 d6 7.e4 Bg7 8.Be2 O-O
9.O-O a6 10.a4 Bg4 11.h3 Bxf3 12.Bxf3 Nbd7 13.Qc2 Re8 14.Bg5 h6 15.Bd2 c4
16.Rae1 Nc5 17.g3 Nfd7 18.Bg2 Rc8 19.h4 Ne5 20.Re2 Qb6 21.h5 gxh5 22.Be3 Ng4
23.Bxc5 Qxc5 24.Bf3 b5 25.axb5 axb5 26.e5 Nxe5 27.Bxh5 b4 28.Ne4 Qxd5 29.Rd1
Nd3 30.Bf3 b3 31.Qd2 Qd4 32.Nc3 Re5 33.Be4 Rce8 34.Bxd3 cxd3 35.Rxe5 Rxe5
36.Qxd3 Re1+ 37.Kg2 Rxd1 38.Qxd1 Qxd1 39.Nxd1 Kf8 40.Kf3 d5 41.Ke3 Ke7 42.g4
Kd6 43.f3 Kc5 44.Kd3 Kb4 45.Kd2 Bd4 46.Kd3 Be5 47.Kd2 f5 48.Kd3 f4 49.Kd2 Kc4
50.Ke2 Bd4 51.Kd2 Bc5 52.Ke2 Bg1 53.Nc3 Be3 54.Kd1 Bd4 55.Ne2 Bxb2 56.Nxf4 d4
57.Ng2 Kc3 58.Nf4 Ba3 {#R} 0-1

[Event "Ch Hungary (team) 1998/99 (2 liga)"]
[Site "masterchessopen.com - Hungary"]
[Round "0"]
[White "Blasko Istvan (HUN)"]
[Black "Varga Laszlo (HUN)"]
[Result "1/2-1/2"]
[WhiteElo "2221"]
[BlackElo "2179"]

1.d4 e6 2.c4 Nf6 3.Nc3 c5 4.d5 exd5 5.cxd5 d6 6.e4 g6 7.Nf3 Bg7 8.Be2 O-O
9.O-O a6 10.a4 Bg4 11.Nd2 Bxe2 12.Qxe2 Nbd7 13.a5 Qc7 14.Nc4 b5 15.axb6 Nxb6
16.Na5 Rfe8 17.Qd3 c4 18.Qc2 Nbd7 19.Nc6 Ng4 20.Ne2 Nde5 21.Ned4 Nxc6 22.Nxc6
Ne5 23.Nxe5 Bxe5 24.Ra4 Rec8 25.h3 Qc5 26.Bd2 Rab8 27.Bc3 Bxc3 28.bxc3 a5
29.Qa2 Rb5 30.Ra1 Rb3 31.Rxa5 Qb6 32.Ra6 Qd8 33.Qd2 Qf6 34.Rc6 Rcb8 35.Rxc4
Rb2 36.Qe3 Qe5 37.Rd1 Rc2 38.f4 Qe7 39.Rd2 Rc1+ 40.Kh2 Rbb1 41.Qd4 Qd8 42.Ra4
h5 43.Kg3 Rf1 44.Rf2 h4+ 45.Kf3 Rfd1 46.Rd2 Rf1+ 47.Rf2 Rfd1 48.Rd2 Rf1+ {#d}
1/2-1/2

[Event "Ch Israel (team)"]
[Site "masterchessopen.com - Israel"]
[Round "2"]
[White "Vovsha Eli (ISR)"]
[Black "Rotman Daniel (ISR)"]
[Result "0-1"]
[WhiteElo "2289"]
[BlackElo "2353"]

1.d4 Nf6 2.Nf3 e6 3.c4 c5 4.d5 d6 5.Nc3 exd5 6.cxd5 g6 7.e4 Bg7 8.Be2 O-O
9.O-O a6 10.a4 Bg4 11.Qc2 Nbd7 12.Bg5 Qc7 13.h3 Bxf3 14.Bxf3 Rfe8 15.Be2 c4
16.Rfe1 Rac8 17.Rac1 Ne5 18.f4 Nd3 19.Bxd3 cxd3 20.Qxd3 Qb6+ 21.Kh2 Qxb2 22.e5
dxe5 23.fxe5 Nd7 24.e6 Ne5 25.exf7+ Nxf7 26.d6 Rxe1 27.Rxe1 Nxd6 28.Qxd6 Qxc3
29.Re3 Qc7 30.Bf4 Qxd6 31.Bxd6 Bf6 32.Rb3 Rd8 33.Bf4 Rd7 34.Kg3 Kf7 35.Kf3 Re7
36.Bd6 Rd7 37.Bc5 Bd8 38.g4 Ke6 39.Bf2 Kd5 40.Bb6 Kc4 41.Rb1 Rd3+ 42.Kf4 Bxb6
43.Rxb6 Rb3 44.Re6 Rxh3 45.a5 Kb4 46.Rb6+ Kxa5 47.Rxb7 Ka4 {#R} 0-1